000 00513pam a2200181 a 4500
020 _a0849364779
040 _cDLC
082 0 0 _a615 CRC 1987 A039 Or.
245 0 0 _aToxicology of CNS depressants /
260 _aBoca Raton, Fla. :
_bCRC Press,
_cc1987.
300 _a267 p. :
_bill. ;
_c26 cm.
650 0 _aCentral nervous system depressants
650 0 _aCentral nervous system depressants
650 2 _aCentral Nervous System Depressants
650 2 _aNervous System
700 1 _aHo, I. K.
942 _cEK
999 _c11869
_d11869